Best NBA Players by Team - Statistics

General Stats
  • This quiz has been taken 407 times
    362 since last reset
  • The average score is 18 of 30
Answer Stats
Team Player % Correct
Cavaliers LeBron James
88%
Warriors Steph(en) Curry
82%
Rockets James Harden
81%
Thunder Russell Westbrook
78%
Pelicans Anthony Davis
76%
Timberwolves Karl-Anthony Towns
75%
Clippers Chris Paul
74%
Hornets Kemba Walker
74%
Trail Blazers Damian Lillard
73%
Bucks Giannis Antetokounmpo
73%
Pacers Paul George
72%
Mavericks Dirk Nowitzki
71%
Celtics Isaiah Thomas
70%
76ers Joel Embiid
70%
Wizards John Wall
70%
Spurs Kawhi Leonard
69%
Raptors Kyle Lowry
69%
Bulls Jimmy Butler
68%
Knicks Carmelo Anthony
64%
Grizzlies Marc Gasol
64%
Pistons Andre Drummond
58%
Nets Brook Lopez
58%
Kings DeMarcus Cousins
56%
Jazz Gordon Hayward
43%
Heat Goran Dragic
41%
Hawks Dwight Howard
30%
Nuggets Danilo Gallinari
13%
Lakers Nick Young
9%
Magic Serge Ibaka
8%
Suns Tyson Chandler
7%
No matching quizzes found
Score Distribution
Percent of People with Each Score
Percentile by Number Answered
Your Score History
You have not taken this quiz since the last reset